000 00721nam a2200289Ia 4500
005 20260324144915.0
008 008 260324s9999 xx 000 0 eng d
020 _a9780429302091
037 _aEBOOK
040 _aCRL
040 _beng
040 _cCRL
041 _2eng
041 _aeng
084 _qCRL
100 _aHeidi Shinn; Shireen Hunter; Nancy Eddy
_91221047
245 0 _aPolitical And Economic Trends In The Middle East
245 0 _bImplications For U.S. Policy
260 _bTaylor and Francis
260 _c1985
365 _a
365 _b145
856 _uhttp://www.taylorfrancis.com/books/9780429302091
942 _cEBOOK
999 _c1828254
_d1828254